000 00545nam a2200145 a 4500
005 20140408090130.0
008 060802s19uu xx 00 eng d
050 _aPHS '06
_bSo5 #101
100 _aSomeda, Steffani Krista D.
245 _aAntagonistic activity of trichoderma spp. against fusarium oxysporum f. sp. cubense, causal fungus of banana wilt /
_cSteffani Krista D. Someda.
260 _aLas Pinas City :
_bSouthville International School and Colleges,
_c2006.
300 _a41 leaves
650 _aExperimental method.
942 _cPASS
999 _c97668
_d97668